[Event "FRA-ch op-D"]
[Site "Aix les Bains"]
[Date "2007.08.23"]
[Round "9"]
[White "Trocme, Jacques"]
[Black "Duffaud, Celia"]
[Result "1-0"]
[WhiteElo "1480"]
[BlackElo "1390"]
[PlyCount "77"]
[EventDate "2007.08.13"]
[EventType "swiss"]
[EventRounds "11"]
[EventCountry "FRA"]
[SourceTitle "CBM 120 Extra"]
[Source "ChessBase"]
[SourceDate "2007.11.01"]
[SourceVersion "1"]
[SourceVersionDate "2007.11.01"]
[SourceQuality "1"]

1. Nf3 d5 2. d4 Nc6 3. Nc3 Nf6 4. a3 Bf5 5. h3 h6 6. b3 e6 7. Bb2 Bd6 8. e3 0-0 9. g3 Ne4 10. Qe2 Nxc3 11. Bxc3 Be4 12. Rg1 a6 13. Qd1 b5 14. Nd2 f5 15. f3 b4 16. Bb2 a5 17. a4 Na7 18. fxe4 fxe4 19. Qe2 c5 20. Rb1 Qd7 21. c4 Rf7 22. h4 Qc7 23. Qg2 Rf6 24. dxc5 Qxc5 25. Bxf6 Qxe3+ 26. Kd1 gxf6 27. Be2 Kf7 28. Re1 Bxg3 29. Bh5+ Ke7 30. Rxe3 Bxh4 31. Qg7+ Kd6 32. Qb7 Rg8 33. Qxa7 Ke5 34. Nf3+ Kf5 35. Nxh4+ Ke5 36. cxd5 exd5 37. Ng6+ Kf5 38. Qd7+ Kg5 39. Qg4# 1-0